The darkest minds #1 / Alexandra Bracken.
Available copies
- 1 of 1 copy available at LARL/NWRL Consortium.
Current holds
0 current holds with 1 total copy.
Show Only Available Copies
| Location | Call Number / Copy Notes | Barcode | Shelving Location | Status | Due Date |
|---|---|---|---|---|---|
| Thief River Falls Public Library | ya BRA (Text) | 35500005117211 | Main | Available | - |
Record details
- ISBN: 9781423157373 (hbk.)
- ISBN: 1423157370 (hbk.)
- Physical Description: 488 p. ; 22 cm.
- Edition: 1st ed.
- Publisher: New York : Hyperion, c2012.
Content descriptions
| Summary, etc.: | "Sixteen-year-old Ruby breaks out of a ... Read More |
Search for related items by subject
Search for related items by series
| LDR | 01952cam a2200457 a 4500 | ||
|---|---|---|---|
| 001 | 147640 | ||
| 003 | LARL_NWRL_CONSORTIUM | ||
| 005 | 20130117110831.0 | ||
| 008 | 120404s2012 nyu d 000 1 eng | ||
| 010 | . | ‡a2012008661 | |
| 020 | . | ‡a9781423157373 (hbk.) | |
| 020 | . | ‡a1423157370 (hbk.) | |
| 035 | . | ‡a(OCoLC)777617452 | |
| 040 | . | ‡aDLC ‡beng ‡cDLC ‡dIG# ‡dBTCTA ‡dBDX ‡dYDXCP ‡dSINLB ‡dJAG ‡dOCLCO | |
| 050 | 0 | 0. | ‡aPZ7.B6988 ‡bDar 2012 |
| 082 | 0 | 0. | ‡a[Fic] ‡223 |
| 084 | . | ‡aJUV001000 ‡aJUV037000 ‡aJUV026000 ‡2bisacsh | |
| 100 | 1 | . | ‡aBracken, Alexandra. ‡0(LARL_NWRL_CONSORTIUM)200764 |
| 245 | 1 | 4. | ‡aThe darkest minds ‡n#1 / ‡cAlexandra Bracken. |
| 250 | . | ‡a1st ed. | |
| 260 | . | ‡aNew York : ‡bHyperion, ‡cc2012. | |
| 300 | . | ‡a488 p. ; ‡c22 cm. | |
| 490 | 0 | . | ‡aDarkest mind; ‡v1 |
| 520 | . | ‡a"Sixteen-year-old Ruby breaks out of a government-run 'rehabilitation camp' for teens who acquired dangerous powers after surviving a virus that wiped out most American children"-- ‡cProvided by publisher. | |
| 650 | 0. | ‡aPsychic ability ‡vJuvenile fiction. | |
| 650 | 0. | ‡aPrisoners ‡vJuvenile fiction. | |
| 650 | 0. | ‡aInterpersonal relations ‡vJuvenile fiction. ‡0(LARL_NWRL_CONSORTIUM)165337 | |
| 650 | 1. | ‡aPsychic ability ‡vFiction. ‡0(LARL_NWRL_CONSORTIUM)166960 | |
| 650 | 1. | ‡aPrisoners ‡vFiction. ‡0(LARL_NWRL_CONSORTIUM)166538 | |
| 650 | 1. | ‡aInterpersonal relations ‡vFiction. ‡0(LARL_NWRL_CONSORTIUM)165331 | |
| 650 | 1. | ‡aScience fiction. ‡0(LARL_NWRL_CONSORTIUM)30394 | |
| 650 | 7. | ‡aJUVENILE FICTION / Action & Adventure / General. ‡2bisacsh | |
| 650 | 7. | ‡aJUVENILE FICTION / Fantasy & Magic. ‡2bisacsh | |
| 650 | 7. | ‡aJUVENILE FICTION / Love & Romance. ‡2bisacsh | |
| 948 | . | ‡hNO HOLDINGS IN LAL - 362 OTHER HOLDINGS | |
| 994 | . | ‡aZ0 ‡bLAL | |
| 901 | . | ‡a147640 ‡bOCLC ‡c147640 ‡tbiblio | |

Add to basket
Permalink
Enable Highlighting